| 000 | 01293nam a2200253 a 4500 | ||
|---|---|---|---|
| 001 | 000027591 | ||
| 005 | 20200930030939.0 | ||
| 008 | 110401s2010 dr r 001 0 spa d | ||
| 020 | _a9789945850598 | ||
| 040 |
_aDO-SdBNP _bspa _cBNPHU |
||
| 082 |
_a341.481 _bC957d, 2010 |
||
| 100 | 1 |
_aCruz Peña, Benito A. _954686 |
|
| 245 | 1 | 0 |
_aDerechos humanos y democracia en República Dominicana / _cBenito Antonio Cruz Peña. |
| 250 | _a2a. ed. ampl. | ||
| 260 |
_aSanto Domingo : _bCentro de Atención Jesús Peregrino, _c2010. |
||
| 300 |
_a102 p. ; _c22 cm. |
||
| 504 | _aBibliografía : p.101-102. | ||
| 505 | 0 |
_gIntroducción -- _tAspectos generales de los derechos humanos -- _tPrincipios y características de los derechos humanos -- _tLas tres generaciones de los derechos humanos -- _tLos derechos humanos y los derechos de los pueblos -- _tDerechos humanos y democracia -- _tJusticia y derechos humanos en República Dominicana -- _tConstrucción de ciudadanía y la lucha por los derechos humanos -- _gConclusiones. |
|
| 590 | _aLa biblioteca posee un ejemplar autografiado por el autor. | ||
| 590 | _aInventariado, 2018/BT | ||
| 650 | 4 |
_aDerechos humanos _zRepública Dominicana _912374 |
|
| 650 | 4 |
_aDemocracia _zRepública Dominicana _96412 |
|
| 910 | _aValidado. Control de calidad. EMS | ||
| 999 |
_c27083 _d27083 |
||